|
|
|
|
| LEADER |
00737cam a2200217 7i4500 |
| 001 |
0000006440 |
| 005 |
20171109090000.0 |
| 008 |
100623 |
| 020 |
|
|
|a 9780727730329 (pbk.)
|
| 020 |
|
|
|a 0727730320 (pbk.)
|
| 090 |
0 |
0 |
|a TD430
|b .B56 2002
|
| 100 |
1 |
|
|a Binnie, Chris
|
| 245 |
1 |
0 |
|a Basic water treatment
|c Chris Binnie, Martin Kimber, George Smethurst.
|
| 260 |
|
|
|a London:
|b Thomas Telford,
|c 2002.
|
| 300 |
|
|
|a viii, 291 p.:
|b ill.;
|c 22 cm.
|
| 504 |
|
|
|a Includes bibliographical references and index
|
| 650 |
0 |
0 |
|a Water --
|x Purification
|
| 700 |
1 |
|
|a Kimber, Martin
|
| 700 |
1 |
|
|a Smethurst, George
|
| 997 |
|
|
|a Engineering & Life Sciences, Faculty
|b Engineering, Department
|
| 999 |
|
|
|a 0000009403
|b BOK
|c OPEN SHELF
|e 2nd Floor, Bestari Jaya
|